Sonic the Hedgehog 3 (2024): Characters by Picture - Statistics

General Stats
  • This quiz has been taken 242 times
  • The average score is 13 of 16
Answer Stats
Picture Answer % Correct
Shadow the Hedgehog
99%
Sonic the Hedgehog
99%
Ivo Robotnik
97%
Knuckles the Echidna
96%
Miles "Tails" Prower
96%
Gerald Robotnik
93%
Tom Wachowski
86%
Amy Rose
83%
Agent Stone
80%
Metal Sonic
80%
Maddie Wachowski
76%
Maria Robotnik
74%
Wade Whipple
62%
Ozzie
53%
Commander Walters
48%
Rockwell
37%
No matching quizzes found
Score Distribution
Percent of People with Each Score
Percentile by Number Answered
Your Score History
You have not taken this quiz